O Homem da Máquina de Escrever (Registo nº 201160)

Detalhes MARC
000 -Etiqueta do registo
Valores 00713nam 22002173 4500
021 ## - Número do Depósito Legal
Número 83 926
100 ## - Dados gerais de processamento
Dados gerais 20231019d u||y0pory50 ba
200 ## - Titulo e menção de responsabilidade
Título próprio O Homem da Máquina de Escrever
Primeira menção de responsabilidade Fernando Campos
205 ## - Menção da edição
Edição
210 ## - Publicação
Local de publicação Lisboa
Nome do editor Difel Difusão Editorial
Data de publicação 1987
215 ## - Descrição física 
Paginação / Volumes 75, [4] p.
Outras indicações físicas Brochado
Dimensões 19 cm
300 ## - Notas gerais 
Texto da nota 2 exemplares um com a assinatura no dia 15/04/1987 e outro no dia 30/04/1987
317 ## - Nota de proveniência
Texto da nota - Oferta com dedicatória ao Prof. Dr. Almeida Faria
606 ## - Nome comum usado como assunto
Palavra de ordem Literatura Portuguesa
ID Autoridade 6
675 ## - CDU
Notação 821.134.4-3
Edição PT
Língua por
700 ## - Autor principal (pessoa individual)
ID Autoridade 1774
Apelido Campos
Nome Fernando
Datas 1924-2017
801 ## - Fonte de origem
País PT
Agência BMMN
Regras de catalogação RPC
830 ## - Notas gerais do catalogador
Criado por Ana Falardo
Indexado por Ana Falardo
990 ## - Elementos KOHA
Tipo de documento Livro
Exemplares
Situação do levantamento Biblioteca de origem Código de barras Cota Permissão de empréstimo Tipo de documento Nota relativa ao exemplar Forma de aquisição
  Biblioteca Municipal de Montemor-o-Novo 30448 821.134.4-3 CAM|SAF   Livro Acesso condicionado Oferta
  Biblioteca Municipal de Montemor-o-Novo 30449 821.134.4-3 CAM|SAF   Livro Acesso condicionado Oferta

Powered by Koha